| 000 | 00676nam a2200253 a 4500 | ||
|---|---|---|---|
| 001 | 511 | ||
| 003 | BD-RjUL | ||
| 005 | 20211208233207.0 | ||
| 008 | 201312r19721971enk b 000 0 eng | ||
| 020 | _a0851571220 | ||
| 035 | _a(BD-RjUL)528 | ||
| 040 |
_aDLC _cBD-RjUL _dDLC _dBD-RjUL _beng |
||
| 041 | _aeng | ||
| 082 | 0 | 0 |
_a025.1 _bSTU 1972 _223 |
| 245 | 0 | 0 |
_aStudies in library management / _cedited by Brian Redfern |
| 260 |
_aLondon : _bBingley, _c1972 |
||
| 300 |
_aV. ; _c23 cm. |
||
| 504 | _aIncludes bibliographies. | ||
| 505 | 0 | _aVol. 1 -- | |
| 650 | 0 |
_aLibrary administration. _91572 |
|
| 700 |
_aRedfern, Brian _9115890 |
||
| 942 |
_2ddc _cBK |
||
| 999 |
_c511 _d511 |
||